000 00765nam a22001937a 4500
999 _c80711
_d80711
008 201130b ||||| |||| 00| 0 eng d
040 _bger
_cSTAFF
_erda
_aSTAFF
041 _ager
100 _aGutke, Thomas:
245 _aÜbergabe am Empfangstresen.
_bCorona-Prämie: Kein Vertreter des Klinikums nahm am Freitag die Petition entgegen. SVV erklärt sich mit Klinik-Personal solidarisch /
_cThomas Gutke ; René Matschkowiak
653 _aFrankfurt (Oder)
653 _aPandemie / Corona
653 _aKlinikum
773 _dFrankfurt (Oder): Märkisches Verlags- und Druckhaus GmbH & Co KG
_g32. Jahrgang (2021) Nr. 37 vom 13./14.02.2021, S. 13
_tMärkische Oderzeitung
942 _cA